Univerzitné pastoračné centrum, Bratislava

Gespeichert in:
Bibliographische Detailangaben
1. Verfasser: Kovaličová, Ivana (Verfasst von)
Weitere Verfasser: Závodný, Ľubomír (Betreuung Doktorarbeit)
Format: Manuskript Buch
Sprache:Slowakisch
Veröffentlicht: 2025
Schlagworte:
Online-Zugang:http://is.stuba.sk/zp/portal_zp.pl?podrobnosti=184638
Tags: Tag hinzufügen
Keine Tags, Fügen Sie das erste Tag hinzu!

MARC

LEADER 00000ntm a22000003a 4500
001 stuzp105156
003 SK-STU
005 20250607211217.1
007 ta
008 150427s2015----xo-----f-mn---000-0-slo-d
040 |a STU  |b slo 
041 0 |a slo 
100 1 |a Kovaličová, Ivana  |u 051110  |4 aut  |U FAD Fakulta architektúry a dizajnu  |T FAD Ústav architektúry obytných budov  |X 103777  |U A1110  |Y 392  |7 103777 
242 0 1 |a University pastoral center, Bratislava  |y eng 
245 1 0 |a Univerzitné pastoračné centrum, Bratislava 
260 |c 2025 
650 4 |a center  |2 eng 
650 4 |a pastoral  |2 eng 
650 4 |a Bratislava  |2 eng 
650 4 |a student  |2 eng 
650 4 |a študent  |2 slo 
650 4 |a Bratislava  |2 slo 
650 4 |a centrum  |2 slo 
650 4 |a pastoračné  |2 slo 
700 1 |a Závodný, Ľubomír  |u 051110  |k Z1  |4 ths  |U FAD Fakulta architektúry a dizajnu  |T FAD Ústav architektúry obytných budov  |X 45410  |U A1110  |Y 392  |7 45410 
856 4 |u http://is.stuba.sk/zp/portal_zp.pl?podrobnosti=184638